Baba Amte : (Record no. 37656)

MARC details
000 -LEADER
fixed length control field 00661nam a22001937a 4500
005 - DATE AND TIME OF LATEST TRANSACTION
control field 20100726115014.0
010 ## - LCCN (DPL NO)
LC control number ENG-96921
020 ## - INTERNATIONAL STANDARD BOOK NUMBER
International Standard Book Number 9788189937867
Terms of availability 600.00
035 ## - SYSTEM CONTROL NUMBER
System control number EN-80454
037 ## - SOURCE OF ACQUISITION
Source of stock number/acquisition DBAD/PUB
082 ## - DEWEY DECIMAL CLASSIFICATION NUMBER
Classification number 920
245 ## - TITLE STATEMENT
Title Baba Amte :
Remainder of title charity destroys, work builds /
Statement of responsibility, etc edited by Shaikh A. Iqbal
260 ## - PUBLICATION, DISTRIBUTION, ETC. (IMPRINT)
Place of publication, distribution, etc New Delhi
Name of publisher, distributor, etc Arise Publishers
Date of publication, distribution, etc 2008
270 ## - ADDRESS
Address 4648/1, 21, Ansari Road, Darya Ganj
City New Delhi
Postal code 110002
300 ## - PHYSICAL DESCRIPTION
Extent 240 p.
Dimensions 24cm (Hb)
700 ## - ADDED ENTRY--PERSONAL NAME
Personal name Iqbal, Shaikh A.
9 (RLIN) 1407
942 ## - ADDED ENTRY ELEMENTS (KOHA)
Source of classification or shelving scheme Dewey Decimal Classification
Item type English Books
Classification part 920
Call number suffix BAB
Holdings
Withdrawn status Lost status Not for loan Collection code Home library Current library Date acquired Cost, normal purchase price Full call number Barcode Copy number Cost, replacement price Koha item type
    Not For Loan Non-fiction D.B.Act.Division D.B.Act.Division 26/07/2010 600.00 920 BAB EN-80454 1 600.00 English Books

© Delhi Public Library
Hit Counter
free hit counter